000 00495nam a2200193Ia 4500
005 20250423100148.0
008 250422s9999 xx 000 0 und d
020 _a9781071819357
050 _aP 87 .C76/
100 _aCroteau, David
245 0 _aMedia/Society
250 _a7th ed.
260 _aCalifornia
260 _bSage
260 _c2022
300 _a497 p
650 _a Mass media--Social aspects--United States. Mass media--Political aspects--United States.
942 _cBK
999 _c32466
_d32466